[Event "Knighthood Blitz"]
[Site "Vishy Anand Arena"]
[Date "2020.08.01"]
[Round "6"]
[White "Fidodido"]
[Black "Skkeyan"]
[Result "1-0"]
[WhiteElo "2341"]
[BlackElo "2190"]
[PlyCount "63"]
[EventDate "2020.08.01"]
[EventType "swiss (blitz)"]

1. d4 d5 2. c4 c6 3. Nf3 Nf6 4. Nc3 e6 5. Bg5 Nbd7 6. cxd5 exd5 7. e3 h6 8. Bh4 g5 9. Bg3 Nh5 10. Be5 Nxe5 11. Nxe5 Nf6 12. Bd3 Bd6 13. f4 gxf4 14. exf4 Qb6 15. Qe2 Kf8 16. O-O-O Qxd4 17. Rhf1 Qb4 18. g4 Rg8 19. g5 hxg5 20. fxg5 Rxg5 21. Nf3 Rg8 22. Kb1 Be6 23. Qf2 Ng4 24. Qh4 Ne3 25. Qh6+ Ke7 26. Qxe3 Rae8 27. Nd4 Kd7 28. Nxe6 fxe6 29. Rde1 e5 30. Rf7+ Kd8 31. Qxa7 Kc8 32. Bf5+ 1-0

[Event "Knighthood Blitz"]
[Site "Vishy Anand Arena"]
[Date "2020.08.01"]
[Round "6"]
[White "Pshyaamnikhil"]
[Black "ilamparthi"]
[Result "1-0"]
[WhiteElo "2320"]
[BlackElo "2058"]
[PlyCount "89"]
[EventDate "2020.08.01"]
[EventType "swiss (blitz)"]

1. e4 c6 2. c4 d5 3. exd5 cxd5 4. cxd5 Nf6 5. Nc3 Nxd5 6. Nf3 e6 7. d4 Nc6 8. Bb5 Be7 9. O-O O-O 10. Re1 Nf6 11. a3 a6 12. Bxc6 bxc6 13. Ne5 Bb7 14. Na4 c5 15. Nxc5 Bxc5 16. dxc5 Qc7 17. b4 Rad8 18. Qc2 Be4 19. Qb2 Qb7 20. f3 Bc6 21. Bg5 Nd5 22. Bxd8 Rxd8 23. Nxc6 Qxc6 24. Rad1 Rb8 25. Qe5 Rd8 26. Rd3 h6 27. Red1 a5 28. h4 axb4 29. axb4 Ra8 30. Rxd5 exd5 31. Qxd5 Qc8 32. c6 Rb8 33. b5 Qc7 34. Qc5 Kh7 35. Rb1 Rb6 36. Qf5+ g6 37. Qd7 Qf4 38. c7 Qe3+ 39. Kh1 Rf6 40. c8=Q Rxf3 41. Qc4 Rf4 42. Qdxf7+ Rxf7 43. Qxf7+ Kh8 44. Rd1 Qb6 45. Qe7 1-0

[Event "Knighthood Blitz"]
[Site "Vishy Anand Arena"]
[Date "2020.08.01"]
[Round "6"]
[White "Fighter64"]
[Black "Pabh"]
[Result "0-1"]
[WhiteElo "2313"]
[BlackElo "2373"]
[Annotator "NA"]
[PlyCount "78"]
[EventDate "2020.08.01"]
[EventType "swiss (blitz)"]

1. e4 e5 2. Nf3 Nc6 3. Bb5 a6 4. Ba4 Nf6 5. d3 Bc5 6. c3 b5 7. Bb3 d6 8. h3 h6 9. Nbd2 Bb6 10. Nf1 Be6 11. Bxe6 fxe6 12. Be3 Bxe3 13. Nxe3 O-O 14. O-O a5 15. Rc1 Qb8 16. Qc2 Qb6 17. Rfd1 Rf7 18. d4 exd4 19. Nxd4 e5 20. Ndf5 Kh7 21. c4 g6 22. cxb5 gxf5 23. Qxc6 Qxc6 24. Rxc6 Nxe4 25. Nd5 Rb8 26. Nxc7 Rb7 27. b6 f4 28. f3 Ng3 29. Rdxd6 h5 30. Rh6+ Kg8 31. Rcg6+ Rg7 32. Rxg7+ Kxg7 33. Rc6 Kf7 34. Na6 Ke8 35. Nc5 Rb8 36. b7 Kd8 37. Rh6 Ke7 38. Na6 Rd8 39. Rh7+ Kf6 0-1

[Event "Knighthood Blitz"]
[Site "Vishy Anand Arena"]
[Date "2020.08.01"]
[Round "6"]
[White "VugarAsadli"]
[Black "Suvrajit Saha"]
[Result "1-0"]
[WhiteElo "2272"]
[BlackElo "1985"]
[PlyCount "93"]
[EventDate "2020.08.01"]
[EventType "swiss (blitz)"]

1. e4 c5 2. Nc3 Nc6 3. Bb5 g6 4. Bxc6 dxc6 5. f4 Bg7 6. Nf3 Nh6 7. O-O O-O 8. d3 b6 9. Qe1 a5 10. Qh4 f6 11. f5 g5 12. Qg3 Nf7 13. h4 h6 14. Nd1 Qd6 15. Qg4 Ne5 16. Nxe5 Qxe5 17. Ne3 b5 18. Qh5 Qg3 19. hxg5 fxg5 20. Ng4 Qd6 21. Be3 e5 22. Rf3 Bd7 23. Rh3 Rf6 24. Nxf6+ Qxf6 25. Bxc5 Be8 26. Qf3 Bf7 27. Kf2 a4 28. Rah1 Bxa2 29. Qe3 Bf7 30. g4 Kh7 31. Qd2 Kg8 32. Kf3 Be8 33. Qh2 Bf7 34. Rxh6 Bxh6 35. Qxh6 Qxh6 36. Rxh6 Rc8 37. Bd6 Kg7 38. Rh1 Re8 39. c3 Bg8 40. d4 exd4 41. cxd4 Bc4 42. Rh5 Kf6 43. e5+ Kf7 44. e6+ Kf6 45. Rh7 Bd5+ 46. Kg3 Bxe6 47. Be5# 1-0

[Event "Knighthood Blitz"]
[Site "Vishy Anand Arena"]
[Date "2020.08.01"]
[Round "6"]
[White "Snitin"]
[Black "Toosieslide"]
[Result "1-0"]
[WhiteElo "2232"]
[BlackElo "1991"]
[PlyCount "81"]
[EventDate "2020.08.01"]
[EventType "swiss (blitz)"]

1. e4 e5 2. Nf3 Nc6 3. Nc3 Nf6 4. Bb5 Nd4 5. O-O Nxb5 6. Nxb5 c6 7. Nc3 d6 8. d4 exd4 9. Nxd4 Be7 10. Bf4 O-O 11. Qd2 Be6 12. Rad1 d5 13. e5 Nd7 14. Bg3 c5 15. Nxe6 fxe6 16. Nxd5 Nb6 17. Nxb6 Qxb6 18. Qc3 Rad8 19. Qc4 Qc6 20. a4 Rd5 21. Rd3 Rfd8 22. Rfd1 b6 23. h3 Qb7 24. Qg4 Qc6 25. Qc4 Qb7 26. Kh2 a6 27. Qe4 Qd7 28. b3 b5 29. axb5 axb5 30. Bf4 Qc6 31. c4 bxc4 32. bxc4 Rxd3 33. Qxc6 Rxd1 34. Qxe6+ Kf8 35. Be3 R1d7 36. Qf5+ Kg8 37. e6 Rc7 38. Qf7+ Kh8 39. Bf4 Bd6 40. Bxd6 Rxf7 41. exf7 1-0

[Event "Knighthood Blitz"]
[Site "Vishy Anand Arena"]
[Date "2020.08.01"]
[Round "6"]
[White "Adityass"]
[Black "Mohit chandwani"]
[Result "1-0"]
[WhiteElo "2202"]
[BlackElo "1598"]
[PlyCount "29"]
[EventDate "2020.08.01"]
[EventType "swiss (blitz)"]

1. e4 e5 2. Nf3 Nc6 3. Bb5 Bd6 4. c3 a6 5. Bxc6 a5 6. Bd5 h6 7. Bb3 b5 8. d4 a4 9. Bc2 exd4 10. cxd4 Bb4+ 11. Nc3 Bxc3+ 12. bxc3 Nf6 13. e5 Nd5 14. Qd3 O-O 15. Qh7# 1-0

[Event "Knighthood Blitz"]
[Site "Vishy Anand Arena"]
[Date "2020.08.01"]
[Round "6"]
[White "Acxea"]
[Black "Lukiano"]
[Result "0-1"]
[WhiteElo "2198"]
[BlackElo "2578"]
[Annotator "TA"]
[PlyCount "42"]
[EventDate "2020.08.01"]
[EventType "swiss (blitz)"]

1. Nf3 Nf6 2. g3 b5 3. Bg2 Bb7 4. O-O e6 5. b3 c5 6. Bb2 Be7 7. e3 O-O 8. d4 cxd4 9. exd4 d6 10. a4 b4 11. Nbd2 Nbd7 12. Nc4 Rc8 13. a5 Ba6 14. Ne3 Bxf1 15. Qxf1 d5 16. Ne5 Nxe5 17. dxe5 Nd7 18. Kh1 Bc5 19. Nd1 Nb8 20. f4 Nc6 21. a6 Bd4 0-1

[Event "Knighthood Blitz"]
[Site "Vishy Anand Arena"]
[Date "2020.08.01"]
[Round "6"]
[White "Arghyadip"]
[Black "Js3131"]
[Result "1-0"]
[WhiteElo "2165"]
[BlackElo "2398"]
[Annotator "NA"]
[PlyCount "99"]
[EventDate "2020.08.01"]
[EventType "swiss (blitz)"]

1. d4 Nf6 2. c4 e6 3. Nc3 Bb4 4. e3 O-O 5. Bd2 b6 6. Nf3 Bb7 7. Bd3 c5 8. a3 Bxc3 9. Bxc3 d6 10. O-O Ne4 11. Bxe4 Bxe4 12. d5 e5 13. Ne1 Bg6 14. f4 f6 15. f5 Be8 16. a4 Na6 17. Nf3 g5 18. Nd2 Qe7 19. Ne4 Nc7 20. h4 h6 21. Qf3 Kg7 22. Kf2 Bd7 23. Rh1 Rh8 24. Rh2 Rag8 25. Rah1 Ne8 26. b3 a6 27. Ng3 b5 28. axb5 axb5 29. Ra1 bxc4 30. bxc4 Kf8 31. Ra7 Qd8 32. Ne4 g4 33. Qd1 Bxf5 34. Ng3 Bd7 35. Qb1 Rg7 36. e4 f5 37. exf5 Rf7 38. Ba5 Qg5 39. hxg5 h5 40. g6 Rg7 41. Bd8 h4 42. Rxh4 Rxh4 43. Bxh4 e4 44. Rxd7 Rxd7 45. Qxe4 Ra7 46. f6 Ra2+ 47. Ne2 Rxe2+ 48. Qxe2 Nxf6 49. Bxf6 Kg8 50. Qe8# 1-0

[Event "Knighthood Blitz"]
[Site "Vishy Anand Arena"]
[Date "2020.08.01"]
[Round "6"]
[White "Ambitious"]
[Black "Kadamomm"]
[Result "1-0"]
[WhiteElo "2162"]
[BlackElo "1956"]
[PlyCount "147"]
[EventDate "2020.08.01"]
[EventType "swiss (blitz)"]

1. e4 c5 2. Nf3 d6 3. d4 cxd4 4. Nxd4 Nf6 5. Nc3 a6 6. Be2 e5 7. Nf3 Be7 8. Bg5 O-O 9. Bxf6 Bxf6 10. O-O Be6 11. Re1 Be7 12. Nd5 Bxd5 13. Qxd5 Qc7 14. c3 Nd7 15. Red1 Rac8 16. Nd2 Nf6 17. Qd3 Rfd8 18. Bf3 h6 19. Nf1 Kh7 20. Ne3 Bf8 21. Bg4 Rb8 22. Rd2 Kg8 23. Bd1 Qc6 24. f3 b5 25. Bb3 Qb6 26. Kh1 Rbc8 27. Rad1 Rc7 28. g3 Be7 29. Kg2 Rcc8 30. Qe2 Bf8 31. Qf2 g6 32. Nc2 Qxf2+ 33. Kxf2 Kg7 34. Ne3 Be7 35. Ke2 Rb8 36. Bd5 Rdc8 37. f4 exf4 38. gxf4 Nh5 39. Kf3 Rf8 40. Rg2 Kh7 41. Bb3 Rbe8 42. Nd5 Bd8 43. Bc2 Kh8 44. a4 bxa4 45. Bxa4 Re6 46. Bd7 Kh7 47. Ke3 Ba5 48. Ra1 Bd8 49. Rxa6 Rfe8 50. Bxe8 Rxe8 51. Ra7 Kg8 52. Kd3 Bh4 53. f5 g5 54. b4 Re5 55. Kc4 Rxe4+ 56. Kb5 Re5 57. Rd2 Nf4 58. c4 Rxf5 59. Kc6 Nxd5 60. Rxd5 Rf4 61. c5 Rxb4 62. cxd6 g4 63. d7 Kg7 64. d8=Q Bxd8 65. Rxd8 Rb2 66. Rdd7 Rxh2 67. Rxf7+ Kg6 68. Rg7+ Kh5 69. Ra4 Kh4 70. Raxg4+ Kh3 71. Rg3+ Kh4 72. R7g4+ Kh5 73. Rg8 Re2 74. Rh3# 1-0

[Event "Knighthood Blitz"]
[Site "Vishy Anand Arena"]
[Date "2020.08.01"]
[Round "6"]
[White "Priyanka Nutakki"]
[Black "Padmaesh M K"]
[Result "1-0"]
[WhiteElo "2157"]
[BlackElo "1725"]
[PlyCount "145"]
[EventDate "2020.08.01"]
[EventType "swiss (blitz)"]

1. d4 Nf6 2. Nf3 d5 3. Bf4 Bf5 4. e3 e6 5. Bd3 Ne4 6. O-O Bd6 7. Qe2 Bxf4 8. exf4 O-O 9. c3 Nd7 10. Nbd2 Ndf6 11. Ne5 Rc8 12. Nb3 b6 13. Ba6 Ra8 14. Bb7 Rb8 15. Nc6 Qd6 16. Nxb8 Rxb8 17. Ba6 Qxf4 18. f3 Ng5 19. Qd2 Qh4 20. Bd3 Bxd3 21. Qxd3 Nh5 22. Qd2 f5 23. Qf2 Qf4 24. Rae1 Kf7 25. Nc1 h6 26. Nd3 Qd6 27. Ne5+ Kg8 28. Qh4 Nf6 29. Re2 c5 30. Rfe1 cxd4 31. Qxd4 Rc8 32. h4 Nf7 33. Nxf7 Kxf7 34. Rxe6 Qxe6 35. Rxe6 Kxe6 36. Qe3+ Kf7 37. Qf4 Rc4 38. Qxf5 d4 39. cxd4 Rxd4 40. Qe5 Rd1+ 41. Kh2 Rd7 42. a4 Re7 43. Qd4 Rd7 44. Qc4+ Kg6 45. b4 Re7 46. a5 bxa5 47. bxa5 Nh5 48. Qg4+ Kh7 49. Qxh5 Rc7 50. Qf5+ g6 51. Qe5 Rg7 52. h5 g5 53. Qf5+ Kh8 54. a6 Rg8 55. Qf6+ Kh7 56. Kg3 Rg7 57. Kg4 Kg8 58. Qxh6 Rh7 59. Qxg5+ Kh8 60. Qd8+ Kg7 61. Kg5 Rxh5+ 62. Kxh5 Kf7 63. Qd7+ Kf6 64. Qxa7 Kf5 65. Qc5+ Kf4 66. a7 Kg3 67. a8=Q Kxg2 68. Qg8+ Kf1 69. Qc1+ Ke2 70. Qe6+ Kxf3 71. Qf1+ Kg3 72. Qg4+ Kh2 73. Qfh3# 1-0

[Event "Knighthood Blitz"]
[Site "Vishy Anand Arena"]
[Date "2020.08.01"]
[Round "6"]
[White "Mbachez90"]
[Black "thor_attack"]
[Result "1/2-1/2"]
[WhiteElo "2151"]
[BlackElo "1853"]
[Annotator "NA"]
[PlyCount "82"]
[EventDate "2020.08.01"]
[EventType "swiss (blitz)"]

1. e4 e5 2. Nf3 Nf6 3. Nxe5 d6 4. Nxf7 Kxf7 5. Nc3 c5 6. d4 Nc6 7. Bc4+ d5 8. Nxd5 Nxd5 9. Bxd5+ Ke8 10. dxc5 Qa5+ 11. c3 Qxc5 12. Be3 Qd6 13. Qh5+ g6 14. Qf3 Be6 15. O-O-O Bxd5 16. Rxd5 Qe7 17. Bg5 Qf7 18. Qg3 h6 19. Bf4 g5 20. Be3 Bg7 21. Rhd1 Rd8 22. Rxd8+ Nxd8 23. Qb8 Bf6 24. Bd4 Bxd4 25. Rxd4 Qf4+ 26. Qxf4 gxf4 27. e5 Ne6 28. Rd3 Rg8 29. g3 Rg5 30. Rd5 fxg3 31. hxg3 h5 32. Kd2 Rf5 33. Ke3 Ng5 34. f4 Ne6 35. Ke4 Rf7 36. f5 Ng5+ 37. Kf4 Nh3+ 38. Ke4 Nf2+ 39. Kf4 Nh3+ 40. Ke4 Nf2+ 41. Kf4 Nh3+ 1/2-1/2

[Event "Knighthood Blitz"]
[Site "Vishy Anand Arena"]
[Date "2020.08.01"]
[Round "6"]
[White "ItsTime"]
[Black "Vinniethepooh"]
[Result "0-1"]
[WhiteElo "2149"]
[BlackElo "2201"]
[PlyCount "74"]
[EventDate "2020.08.01"]
[EventType "swiss (blitz)"]

1. Nf3 d5 2. g3 c6 3. Bg2 Bg4 4. O-O Nd7 5. d4 Ngf6 6. Nbd2 e6 7. Re1 Be7 8. e4 dxe4 9. Nxe4 O-O 10. c3 c5 11. h3 Bh5 12. Nxf6+ Bxf6 13. Be3 cxd4 14. cxd4 Nb6 15. Qb3 Nd5 16. Ne5 Nxe3 17. Qxe3 Qe7 18. Rac1 Rac8 19. Qb3 b6 20. Qb5 Bxe5 21. dxe5 Bg6 22. Red1 Rxc1 23. Rxc1 Rd8 24. Qc6 h6 25. Qc3 Kh7 26. h4 h5 27. Bf3 Rd3 28. Qc6 Qb4 29. b3 Qd4 30. Re1 Rd2 31. Re3 Qa1+ 32. Kg2 Qb2 33. Be4 Rxf2+ 34. Kg1 Rd2 35. Bxg6+ fxg6 36. Re1 Qd4+ 37. Kh1 Qf2 0-1

[Event "Knighthood Blitz"]
[Site "Vishy Anand Arena"]
[Date "2020.08.01"]
[Round "6"]
[White "Mandrake"]
[Black "kngopal"]
[Result "1-0"]
[WhiteElo "2146"]
[BlackElo "1945"]
[Annotator "NA"]
[PlyCount "53"]
[EventDate "2020.08.01"]
[EventType "swiss (blitz)"]

1. d4 Nf6 2. Nf3 d5 3. Bf4 Bf5 4. e3 c6 5. Bd3 Bxd3 6. Qxd3 Nbd7 7. O-O e6 8. c4 Be7 9. Nc3 O-O 10. Rad1 h6 11. e4 dxe4 12. Nxe4 Nxe4 13. Qxe4 Nf6 14. Qc2 Bd6 15. Ne5 Qe7 16. Qe2 Rfd8 17. Rd3 Bxe5 18. Bxe5 Nd7 19. Bg3 Re8 20. Re1 Rac8 21. b3 Qf6 22. Qe4 Nf8 23. Be5 Qg6 24. Rg3 Qxe4 25. Rxg7+ Kh8 26. Rxe4 Ng6 27. Rxg6+ 1-0

[Event "Knighthood Blitz"]
[Site "Vishy Anand Arena"]
[Date "2020.08.01"]
[Round "6"]
[White "himplanet"]
[Black "Shahildey"]
[Result "0-1"]
[WhiteElo "2140"]
[BlackElo "2145"]
[PlyCount "104"]
[EventDate "2020.08.01"]
[EventType "swiss (blitz)"]

1. e4 c5 2. Nc3 e6 3. g3 Nc6 4. Bg2 g6 5. Nge2 Bg7 6. O-O Nge7 7. d3 d6 8. Be3 Nd4 9. Qd2 O-O 10. Kh1 Rb8 11. Ng1 b5 12. a3 a5 13. f4 b4 14. axb4 axb4 15. Nd1 b3 16. c3 Nc2 17. Rb1 Nxe3 18. Nxe3 Bb7 19. Nf3 f5 20. Ng5 Qd7 21. Rbe1 h6 22. Nh3 Ra8 23. exf5 Bxg2+ 24. Nxg2 Nxf5 25. Re2 Rfe8 26. Rfe1 e5 27. g4 Ne7 28. Nf2 Nd5 29. fxe5 dxe5 30. h3 Qc6 31. Ne4 Rad8 32. c4 Nb4 33. Re3 Nc2 34. Rf1 Nxe3 35. Qxe3 Rf8 36. Re1 Rd4 37. Kh2 Rfd8 38. Nf2 Qd6 39. Kh1 Qc6 40. Kg1 Rf8 41. Ne4 Rfd8 42. Nf2 Qa8 43. Nh4 Qc6 44. Nf3 e4 45. Nxd4 Bxd4 46. Qxe4 Qxe4 47. dxe4 Bxb2 48. Rb1 Rd2 49. Kf1 Bd4 50. Nd1 b2 51. e5 Rc2 52. Ke1 Rc1 0-1

[Event "Knighthood Blitz"]
[Site "Vishy Anand Arena"]
[Date "2020.08.01"]
[Round "6"]
[White "lsr"]
[Black "IndianKing97"]
[Result "0-1"]
[WhiteElo "2136"]
[BlackElo "2417"]
[Annotator "NA"]
[PlyCount "136"]
[EventDate "2020.08.01"]
[EventType "swiss (blitz)"]

1. d4 Nf6 2. Bg5 Ne4 3. Bf4 d5 4. f3 Nf6 5. e4 c5 6. dxc5 e6 7. Nc3 Bxc5 8. Bb5+ Nbd7 9. exd5 Qb6 10. Nh3 Bb4 11. dxe6 Qxb5 12. exd7+ Bxd7 13. Qe2+ Qxe2+ 14. Kxe2 Bxc3 15. bxc3 Bxh3 16. gxh3 Nd5 17. Bd2 O-O-O 18. Rhd1 Rhe8+ 19. Kf2 Re6 20. Bg5 f6 21. c4 Nb4 22. Rxd8+ Kxd8 23. Bd2 Nxc2 24. Rd1 Kc8 25. Ba5 b6 26. Bc3 Rc6 27. Rc1 Na3 28. Bb4 Nxc4 29. Re1 Ne5 30. Rd1 Rc2+ 31. Kg3 Rxa2 32. f4 Nc6 33. Bf8 g6 34. Rd6 Rc2 35. Rxf6 b5 36. h4 b4 37. h5 b3 38. Ba3 gxh5 39. f5 Nd4 40. Rf8+ Kd7 41. f6 b2 42. Bxb2 Rxb2 43. f7 Ke7 44. Rd8 Ne6 45. Ra8 Kxf7 46. Rxa7+ Kg6 47. Ra6 Re2 48. h4 Re4 49. Rb6 Kf5 50. Kf3 Nd4+ 51. Kg3 Re3+ 52. Kf2 Rd3 53. Rh6 Kg4 54. Rxh7 Kxh4 55. Re7 Nf5 56. Rf7 Kg4 57. Ke2 Ra3 58. Rf8 h4 59. Rg8+ Kf4 60. Rh8 h3 61. Kf2 Ra2+ 62. Kg1 Kg3 63. Rg8+ Kf3 64. Rf8 Kg4 65. Rg8+ Kf4 66. Rf8 Rg2+ 67. Kh1 Rf2 68. Rxf5+ Kxf5 0-1

[Event "Knighthood Blitz"]
[Site "Vishy Anand Arena"]
[Date "2020.08.01"]
[Round "6"]
[White "Hickey"]
[Black "Arunava"]
[Result "1-0"]
[WhiteElo "2104"]
[BlackElo "1761"]
[PlyCount "89"]
[EventDate "2020.08.01"]
[EventType "swiss (blitz)"]

1. Nf3 Nf6 2. d4 d5 3. e3 e6 4. Bd3 c5 5. O-O Bd6 6. b3 cxd4 7. exd4 O-O 8. Bb2 Ne4 9. c3 b6 10. Nbd2 Bb7 11. Qe2 f5 12. Ne5 Nd7 13. Ndf3 Ndf6 14. Rac1 Rc8 15. c4 Ng4 16. h3 Nxe5 17. Nxe5 Bxe5 18. dxe5 Qg5 19. f4 Qh4 20. Bxe4 fxe4 21. cxd5 Bxd5 22. Qe3 Rxc1 23. Bxc1 Qe7 24. Bd2 Qa3 25. f5 exf5 26. Qd4 Qc5 27. Qxc5 bxc5 28. Rc1 Rc8 29. Be3 c4 30. Rd1 Be6 31. bxc4 Rxc4 32. Bxa7 Ra4 33. Bc5 Rxa2 34. Rd6 Kf7 35. Rc6 f4 36. Rc7+ Kg8 37. Re7 e3 38. Rxe6 e2 39. Kf2 Rc2 40. Re8+ Kf7 41. Re7+ Kg6 42. Bd6 e1=Q+ 43. Kxe1 Rxg2 44. Re6+ Kf5 45. Re7 1-0

[Event "Knighthood Blitz"]
[Site "Vishy Anand Arena"]
[Date "2020.08.01"]
[Round "6"]
[White "Girinathpds76"]
[Black "BIGIL"]
[Result "0-1"]
[WhiteElo "2103"]
[BlackElo "1976"]
[Annotator "NA"]
[PlyCount "82"]
[EventDate "2020.08.01"]
[EventType "swiss (blitz)"]

1. e4 c5 2. Nf3 d6 3. Bb5+ Bd7 4. Bxd7+ Qxd7 5. O-O Nf6 6. e5 dxe5 7. Nxe5 Qc7 8. d4 Nc6 9. Nxc6 Qxc6 10. dxc5 Qxc5 11. Be3 Qc6 12. Qd4 e6 13. Nc3 Be7 14. Rad1 O-O 15. Qa4 Qxa4 16. Nxa4 b6 17. c4 Rac8 18. b3 Ne4 19. Rd7 Bc5 20. Nxc5 bxc5 21. Rxa7 Ra8 22. Rc7 Rxa2 23. Bxc5 Rb8 24. b4 Nd2 25. Rd1 Nxc4 26. g3 h6 27. Ba7 Ra8 28. Rxc4 R8xa7 29. Rd8+ Kh7 30. h4 h5 31. Rc5 g6 32. Rd4 Rb2 33. Rf4 Kg7 34. Rcc4 Rb7 35. Kg2 Rb3 36. f3 Rb2+ 37. Kh3 Ra7 38. g4 Raa2 39. Rfd4 e5 40. Kg3 Rg2+ 41. Kh3 Rh2+ 0-1

[Event "Knighthood Blitz"]
[Site "Vishy Anand Arena"]
[Date "2020.08.01"]
[Round "6"]
[White "Bestluck"]
[Black "Thee_Riddler"]
[Result "1-0"]
[WhiteElo "2100"]
[BlackElo "1818"]
[Annotator "NA"]
[PlyCount "51"]
[EventDate "2020.08.01"]
[EventType "swiss (blitz)"]

1. d4 Nf6 2. c4 e6 3. Nc3 c5 4. d5 exd5 5. cxd5 d6 6. e4 g6 7. f4 Bg7 8. Bb5+ Bd7 9. Bc4 O-O 10. Nf3 Re8 11. Nd2 Bg4 12. Qb3 Qe7 13. O-O a6 14. a4 Qc7 15. h3 Bd7 16. e5 dxe5 17. d6 Qxd6 18. Bxf7+ Kh8 19. Bxe8 Bxe8 20. Qxb7 Bc6 21. Qc8+ Bf8 22. fxe5 Qxe5 23. Qxf8+ Ng8 24. Nf3 Qg3 25. Bg5 Bxf3 26. Bf6# 1-0

[Event "Knighthood Blitz"]
[Site "Vishy Anand Arena"]
[Date "2020.08.01"]
[Round "6"]
[White "Fire_on_board"]
[Black "Rasulov Vugar"]
[Result "0-1"]
[WhiteElo "2093"]
[BlackElo "2474"]
[Annotator "TA"]
[PlyCount "64"]
[EventDate "2020.08.01"]
[EventType "swiss (blitz)"]

1. e4 c5 2. Nf3 e6 3. d4 cxd4 4. Nxd4 Nc6 5. Nc3 Qc7 6. f4 a6 7. Nxc6 Qxc6 8. Bd3 b5 9. Qe2 Bc5 10. Bd2 Bb7 11. O-O-O Ne7 12. a4 b4 13. Na2 Qxa4 14. Kb1 Nc6 15. Qh5 Bd4 16. Bc4 g6 17. Qg5 h6 18. Qg3 Rc8 19. Bb3 Qb5 20. f5 gxf5 21. exf5 a5 22. fxe6 dxe6 23. Be3 Be5 24. Bf4 a4 25. Bxa4 Qxa4 26. Bxe5 Nxe5 27. Qxe5 Qxc2+ 28. Ka1 O-O 29. Rd4 Qg6 30. h3 h5 31. Rg1 Ra8 32. b3 Rxa2+ 0-1

[Event "Knighthood Blitz"]
[Site "Vishy Anand Arena"]
[Date "2020.08.01"]
[Round "6"]
[White "Pavala"]
[Black "lnram"]
[Result "0-1"]
[WhiteElo "2085"]
[BlackElo "2377"]
[PlyCount "106"]
[EventDate "2020.08.01"]
[EventType "swiss (blitz)"]

1. e4 c5 2. b4 cxb4 3. a3 e6 4. axb4 Bxb4 5. Nf3 Nc6 6. Bb2 Nf6 7. e5 Nd5 8. Bc4 Nb6 9. Bd3 Be7 10. Nc3 f5 11. Nb5 O-O 12. O-O a6 13. Nd6 Qc7 14. Ba3 Nxe5 15. Nxc8 Nxc8 16. Nxe5 Qxe5 17. Re1 Qf6 18. Qf3 Bxa3 19. Rxa3 d5 20. c4 Nb6 21. c5 Nd7 22. Ra5 Rac8 23. Rc1 Qd4 24. Qe3 Qxe3 25. fxe3 b6 26. Rxa6 Nxc5 27. Ra3 Nxd3 28. Rxc8 Rxc8 29. Rxd3 Rb8 30. Rb3 b5 31. Kf2 b4 32. d4 Kf7 33. Kf3 Ke7 34. Kf4 Kd6 35. Kf3 g5 36. Ke2 Kc6 37. Kd3 Kb5 38. Kc2 Ka4 39. Kb2 Rc8 40. Rd3 Rc4 41. Rd1 b3 42. Ra1+ Kb4 43. Ra8 Rc2+ 44. Kb1 Rxg2 45. Rb8+ Kc3 46. Rc8+ Kd3 47. Rb8 b2 48. Rb4 f4 49. Rb3+ Ke4 50. exf4 gxf4 51. Rh3 f3 52. Rh4+ Ke3 53. Rh6 f2 0-1

[Event "Knighthood Blitz"]
[Site "Vishy Anand Arena"]
[Date "2020.08.01"]
[Round "6"]
[White "Junosource"]
[Black "MasteredUI"]
[Result "0-1"]
[WhiteElo "2080"]
[BlackElo "2355"]
[PlyCount "46"]
[EventDate "2020.08.01"]
[EventType "swiss (blitz)"]

1. d4 Nf6 2. c4 e6 3. Nc3 Bb4 4. g3 d5 5. Bg2 O-O 6. Nf3 dxc4 7. O-O Nc6 8. Qa4 Nd5 9. Qc2 Be7 10. Rd1 b6 11. e4 Ndb4 12. Qe2 Nd3 13. Be3 Ba6 14. d5 Na5 15. dxe6 fxe6 16. Nd4 Bc8 17. b3 c5 18. Nf3 Ba6 19. Ne1 Bf6 20. e5 Bxe5 21. Bxa8 Qxa8 22. bxc4 Nxe1 23. Qxe1 Nxc4 0-1

[Event "Knighthood Blitz"]
[Site "Vishy Anand Arena"]
[Date "2020.08.01"]
[Round "6"]
[White "Shiv01"]
[Black "Adireddytarun"]
[Result "1-0"]
[WhiteElo "2037"]
[BlackElo "1446"]
[Annotator "NA"]
[PlyCount "59"]
[EventDate "2020.08.01"]
[EventType "swiss (blitz)"]

1. e4 c5 2. Nf3 d6 3. d4 cxd4 4. Nxd4 Nf6 5. Nc3 a6 6. Bg5 Nbd7 7. f4 Qc7 8. Qf3 b5 9. O-O-O Bb7 10. a3 Rc8 11. Kb1 g6 12. Bd3 Bg7 13. Rhe1 O-O 14. Bh4 Rfe8 15. Bf2 Nc5 16. Qe2 e5 17. fxe5 dxe5 18. Nf3 Nfd7 19. Be3 Nb6 20. Rf1 f6 21. h4 Nxd3 22. cxd3 Nc4 23. dxc4 bxc4 24. h5 Red8 25. hxg6 hxg6 26. Nh4 Rxd1+ 27. Rxd1 Rd8 28. Nxg6 Kf7 29. Nh4 Rxd1+ 30. Qxd1 1-0

[Event "Knighthood Blitz"]
[Site "Vishy Anand Arena"]
[Date "2020.08.01"]
[Round "6"]
[White "Whitefalcon"]
[Black "Zokapenzioner"]
[Result "0-1"]
[WhiteElo "2021"]
[BlackElo "1897"]
[Annotator "NA"]
[PlyCount "54"]
[EventDate "2020.08.01"]
[EventType "swiss (blitz)"]

1. e4 c5 2. Nc3 g6 3. f4 Bg7 4. Nf3 Nc6 5. Bb5 Nd4 6. O-O Nxb5 7. Nxb5 d6 8. Nc3 Nf6 9. d3 O-O 10. Qe1 e6 11. Qh4 Rb8 12. Ng5 h6 13. Nh3 Nd7 14. Qg3 Kh7 15. f5 exf5 16. exf5 Ne5 17. fxg6+ fxg6 18. Rxf8 Qxf8 19. Ne4 Bf5 20. Be3 b6 21. Rf1 d5 22. Nd2 Re8 23. Bf4 Ng4 24. Nf2 Nxf2 25. Qxf2 Bd4 26. c3 Bxf2+ 27. Rxf2 Re1+ 0-1

[Event "Knighthood Blitz"]
[Site "Vishy Anand Arena"]
[Date "2020.08.01"]
[Round "6"]
[White "chessylife"]
[Black "Ishwar Lal Patel"]
[Result "1-0"]
[WhiteElo "2007"]
[BlackElo "1614"]
[PlyCount "91"]
[EventDate "2020.08.01"]
[EventType "swiss (blitz)"]

1. e4 g6 2. d4 Bg7 3. Nc3 c6 4. Be3 e6 5. Qd2 d5 6. e5 Ne7 7. f4 Nf5 8. Bf2 h5 9. g3 Nd7 10. h3 Nb6 11. O-O-O Bd7 12. Nf3 Bh6 13. Be2 Qe7 14. Kb1 O-O-O 15. g4 hxg4 16. hxg4 Nc4 17. Bxc4 dxc4 18. gxf5 exf5 19. Bh4 Qb4 20. Bxd8 Kxd8 21. d5 c5 22. e6 Be8 23. d6 fxe6 24. d7 Bf7 25. Qd6 Qb6 26. Ne5 Qxd6 27. Nxf7+ Ke7 28. Rxd6 Kxf7 29. d8=Q Rxd8 30. Rxd8 Bxf4 31. Rd7+ Kf6 32. Rxb7 g5 33. Rxa7 g4 34. a4 g3 35. a5 Be5 36. Ne2 f4 37. a6 g2 38. Rah7 f3 39. a7 f2 40. a8=Q f1=Q+ 41. Rxf1+ gxf1=Q+ 42. Nc1 Bf4 43. Qf8+ Ke5 44. Qxc5+ Ke4 45. Qc6+ Kf5 46. Rh1 1-0

[Event "Knighthood Blitz"]
[Site "Vishy Anand Arena"]
[Date "2020.08.01"]
[Round "6"]
[White "ASB"]
[Black "samjrao"]
[Result "1-0"]
[WhiteElo "2003"]
[BlackElo "1712"]
[PlyCount "105"]
[EventDate "2020.08.01"]
[EventType "swiss (blitz)"]

1. d4 Nf6 2. Bf4 d5 3. e3 e6 4. Nf3 Bd6 5. Bg3 O-O 6. Bd3 c5 7. c3 cxd4 8. exd4 Nc6 9. Nbd2 a6 10. Ne5 Qb6 11. Nxc6 Qxc6 12. Rb1 b5 13. Nf3 Ne4 14. Qe2 f5 15. Ne5 Bxe5 16. Bxe5 Bb7 17. O-O Qd7 18. Rfe1 Qf7 19. f3 Nf6 20. Bxf6 Qxf6 21. Qxe6+ Qxe6 22. Rxe6 Rae8 23. Rbe1 Rxe6 24. Rxe6 Bc8 25. Re5 f4 26. Rxd5 Be6 27. Rd6 Bxa2 28. Rxa6 Bc4 29. Bxc4+ bxc4 30. Ra4 Rb8 31. Rb4 Ra8 32. Rxc4 Ra1+ 33. Kf2 Rc1 34. h3 Rc2+ 35. Kg1 Rxb2 36. d5 Rd2 37. Rd4 Rc2 38. c4 Kf8 39. Rxf4+ Ke8 40. Kh2 h6 41. Re4+ Kd7 42. h4 g6 43. Kh3 g5 44. hxg5 hxg5 45. g3 Kd6 46. Kg4 Rc3 47. Re6+ Kc5 48. Rc6+ Kd4 49. d6 Rxc4 50. Rxc4+ Kxc4 51. d7 Kc5 52. d8=Q Kc6 53. Qxg5 1-0

[Event "Knighthood Blitz"]
[Site "Vishy Anand Arena"]
[Date "2020.08.01"]
[Round "6"]
[White "michaelraj_98"]
[Black "Irus1997"]
[Result "0-1"]
[WhiteElo "1986"]
[BlackElo "2412"]
[Annotator "NA"]
[PlyCount "52"]
[EventDate "2020.08.01"]
[EventType "swiss (blitz)"]

1. e4 g6 2. d4 Bg7 3. Nf3 a6 4. Nc3 b5 5. a3 Bb7 6. Bd3 d6 7. O-O Nd7 8. Qe2 c5 9. dxc5 dxc5 10. e5 Bxf3 11. gxf3 Bxe5 12. Be4 Ra7 13. Rd1 Ngf6 14. Bh6 Qb8 15. Bc6 Rc7 16. Bg7 Rxc6 17. Bxh8 Re6 18. Qd3 c4 19. Qd2 Bf4 20. Qe1 Rxe1+ 21. Rxe1 Kf8 22. Rad1 Qb7 23. Ne4 Nxe4 24. Rxe4 Bd6 25. Bc3 f5 26. Re3 Kf7 0-1